00331nam a2200145Ia 4500100002000000650002400020250000600044366000700050654001400057245003700071260002900108082001700137300000800154546002300162 aJones/Robert M  acomposite materials a2 f25 amechanics aMechanics of composite materials bTaylor and francisc1999 a620.118bJON a519 aENGLISHcInfo.Tech